1581 1388 1943 1224 1857 1398 1025 1579 1096 1670 1102 1954 1130 1283 1715 1962 1958 1272 1243 1505 1112 1016 1120 1241 1687 1048 1258 1744 1343 1273 1493 1354 1584 1350 1122 1928 1758 1372 1541 1095 1524 1017 1146 1170 1788 1549 1678 1731 1529 1090 1937 1886 1963 1573 1870 1731 1814 1175 1509 1451 1789 1577 1903 1730 1388 1082 1838 1019 1225 1304 1261 1489 1783 1035 1009 1588 1486 1266 1472 1819 1816 1184 1869 1454 1796 1189 1793 1132 1342 1868 1654 1150 1620 1527 1412 1951 1246 1880 1339 BCNSPRNW ULIB Ver.6.0+V

เปลี่ยนเป็นภาษาไทย

Change to English
 แสดงรายละเอียดบรรณานุกรม
  กลับหน้าหลัก

Brief Record : Get Marc (ISO 2709) : E-mail record : QR code < ปิดหน้าต่าง
LEADER : 00000nam 2200000uu 4500
001    13399120956
003     ULIB
008    121029s2552||||th 000 0 tha d
020    ^a9746571834
020    ^a9789746571838
060 04 ^aWH250^bส628ม 2552
100 0  ^aสาคร พรประเสริฐ
245 10 ^aมะเร็งเม็ดเลือดขาว /^cสาคร พรประเสริฐ
250    ^aพิมพ์ครั้งที่ 4
260    ^aกรุงเทพฯ :^bดาราวรรณการพิมพ์,^c2552
300    ^avii, 125 หน้า :^bภาพประกอบ ;^c30 ซม.
504    ^aบรรณานุกรม
650  7 ^aลิวคีเมีย
650  7 ^aมะเร็งเม็ดเลือดขาว
710 2  ^aมหาวิทยาลัยเชียงใหม่. ^bคณะเทคนิคการแพทย์.ภาควิชาจุลทรรศนศาสตร์คลินิก
945    ^p240^l0^i16252
945    ^p240^l0^i16251
995    ^aกัณชพร
999 ^a ใช้งานได้ทุกระบบ
รายการนี้ยังไม่มีแท็ก
คุณยังไม่ได้ล็อกอิน คุณสามารถมีกิจกรรมร่วมกับเว็บไซต์ได้ แต่ต้องล็อกอินก่อน ::
  ล็อกอิน

รายการสื่อสารสนเทศ

ลำดับที่ ประเภท เลขเรียก/บาร์โค้ด สถานที่ สถานะ
- ไม่พบข้อมูล -

รายการใกล้เคียง
    ผู้แต่ง [สาคร พรประเสริฐ]

    หัวเรื่อง [ลิวคีเมีย]
    หัวเรื่อง [มะเร็งเม็ดเลือดขาว]

BibComment


ยังไม่เคยถูกคอมเมนท์

คอมเมนท์ทรัพยากรรายการนี้
  คอมเมนท์: มะเร็งเม็ดเลือดข..


 Copyright 2026. Bcnsprnw @Library